000 00464nam a2200145Ia 4500
003 OSt
005 20260123095647.0
008 211028s2016 xx 000 0 und d
040 _cAIMIT LIBRARY
041 _aeng
100 _aD Souza, Babitha Reena; Thomas, Babu.
_g1416025
_97448
245 _aStudy on recruitment and selection with reference t Justice K S Hegde Hospital Deralakatte Mangalore /
260 _aMangalore
_bBabu Thomas.
_c2016
942 _2ddc
_cPRO
999 _c219016
_d219016